WWE Tables Ladders & Chairs Quiz Stats

 Plays Quiz not verified by Sporcle

Challenge
Share
Tweet
Embed
Score 0/40 Timer 07:00
0 Plays Today
Occasion Participant % Correct
Summerslam 2000Edge
97.4%
Wrestlemania X-7, 2001Edge
97.4%
Smackdown, May 2001Edge
97.4%
Raw, Jan 2006Edge
97.4%
Unforgiven, 2006Edge
97.4%
One Night Stand, 2008Edge
97.4%
Summerslam 2000Christian
94.8%
Wrestlemania X-7, 2001Christian
94.8%
Smackdown, May 2001Christian
94.8%
RAW, Oct 2002Christian
94.8%
Summerslam 2000Jeff Hardy
93.2%
Wrestlemania X-7, 2001Jeff Hardy
93.2%
Smackdown, May 2001Jeff Hardy
93.2%
Summerslam 2000Matt Hardy
92.7%
Wrestlemania X-7, 2001Matt Hardy
92.7%
Smackdown, May 2001Matt Hardy
92.7%
Summerslam 2000D-Von Dudley
89.5%
Wrestlemania X-7, 2001D-Von Dudley
89.5%
Smackdown, May 2001D-Von Dudley
89.5%
Summerslam 2000Bubba Ray Dudley
89.3%
Occasion Participant % Correct
Wrestlemania X-7, 2001Bubba Ray Dudley
89.3%
Smackdown, May 2001Bubba Ray Dudley
89.3%
RAW, Oct 2002Jeff Hardy
88.1%
Summerslam 2009Jeff Hardy
88.1%
Unforgiven, 2006John Cena
88%
Smackdown, May 2001Chris Jericho
85.1%
RAW, Oct 2002Chris Jericho
85.1%
TLC, 2009Chris Jericho
85.1%
TLC, 2009Triple H
84%
One Night Stand, 2008The Undertaker
82.2%
TLC, 2009Shawn Michaels
82.1%
Summerslam 2009CM Punk
81.2%
RAW, Oct 2002Kane
80.8%
TLC, 2009The Big Show
77.8%
Smackdown, May 2001Chris Benoit
72.8%
RAW, Oct 2002Bubba Ray Dudley
71.9%
RAW, Oct 2002Rob Van Dam
66.4%
Raw, Jan 2006Ric Flair
55%
RAW, Oct 2002Spike Dudley
50.9%
RAW, Oct 2002The Hurricane
49%

You're not logged in!

Compare scores with friends on all Sporcle quizzes.
Join for Free
OR
Log In

You Might Also Like...

Show Comments

Extras

Top Quizzes Today


Score Distribution

Your Account Isn't Verified!

In order to create a playlist on Sporcle, you need to verify the email address you used during registration. Go to your Sporcle Settings to finish the process.

Report this User

Report this user for behavior that violates our Community Guidelines.

Details: